000 00653nam a22001937a 4500
999 _c173187
_d173187
005 20200220105028.0
010 _aENG-127902
020 _c845.00
_a9780199489640
035 _aEN-111434
037 _bDBAD/PUB
082 _a336.54
100 _aZorawar Daulet Singh
245 _a Power and diplomacy :
_cZorawar Daulet Singh
_bIndia's foreign policies during the Cold War/
260 _aNew Delhi
_c2019
_bOxford University Press
270 _a2/11 Ground Floor,Ansari Road,Dariyaganj
_e110002
_bNew Delhi
300 _axiii;398p.
_b22(hb)
500 _aincludes bibliographical references and index
942 _2ddc
_cEN
_hZOR
_k327.54009045